000 00487nam a2200181 4500
003 DO-SdBNP
005 20171129100543.0
008 161109b sp||||| |||| 00| 0 spa d
020 _a8424155564
040 _aBPMSU
_bspa
_cBPMSU
100 _aJefferds, Vincent
245 _aDisney abc /
_cVincent Jefferds
260 _aMadrid :
_bEverest ,
_c[s. f.]
300 _a[58 p. ] :
_bil. :
_c29 cm
910 _aInventariado extranjero / 2017 BT
942 _2ddc
_cBK
956 _adgarcia
999 _c11868
_d11868